| 000 | 00427nam a2200157 i 4500 | ||
|---|---|---|---|
| 001 | 56232 | ||
| 003 | ES-MaACL | ||
| 005 | 20230906163319.0 | ||
| 007 | t| | ||
| 008 | 031006s1971 sp ||||1| spa d | ||
| 100 | 1 |
_aDíaz Valcárcel, Emilio. _944442 |
|
| 245 | 1 | 0 |
_aNapalín... / _cEmilio Díaz Valcárcel. |
| 260 |
_aAlgorta (Vizcaya) : _bZero, _c[1971] |
||
| 300 |
_a89 p. ; _c17 cm. |
||
| 852 |
_aES-MaACL _jC-47138 _bR.76081 |
||
| 999 |
_c56232 _d56232 |
||